Şeyh Galib’in Hüsn ü Aşk’ından Kaderin Kalemi (Record no. 1276102)

MARC details
000 -LEADER
sabit uzunluktaki kontrol alanı 00302nam a2200109Ia 4500
001 - KONTROL NUMARASI
kontrol alanı 1276102
005 - EN SON İŞLEMİN TARİH VE ZAMANI
kontrol alanı 20260417160441.0
008 - SABİT-UZUNLUKTA VERİ ÖĞELERİ--GENEL BİLGİ
sabit uzunluktaki kontrol alanı 260417s9999 xx 000 0 und d
020 ## - ULUSLARARASI STANDART KİTAP NUMARASI
Uluslararası Standart Kitap Numarası 9786255998880
245 #0 - ESER / YAZAR
ESER ADI Şeyh Galib’in Hüsn ü Aşk’ından Kaderin Kalemi
Yazar Adı Kollektif
260 ## - YAYIN, DAĞITIM, VB.
YAYIN EVİ Ketebe Genç
Holdings
Düşüm durumu Kayıp durumu Hasar Durumu Ödünç verilmez Ana kütüphane Geçerli Kütüphane Edinilen tarih Toplam ödünç verme sayısı Barkod Son görüntüleme tarihi Fiyatın geçerli olmaya başladığı tarih Koha materyal türü
        FATİH ORTAOKULU FATİH ORTAOKULU 17.04.2026   11082366 17.04.2026 17.04.2026 Books